000 01351nam0a2200301 4500
001 RU\NLR\bibl\1189195
005 20260405081325.0
010 _a978-5-7473-0334-8
_91000
021 _aRU
_b2007-90980
_94918
035 _a(NLR Aleph) 001175759
090 _a1625915
_c1625915
100 _a20080215d2007 |||y0rusy50 ca
101 0 _arus
102 _aRU
105 _ay |||||||||
200 1 _aСоциология
_eучебное пособие
_e[для студентов III курса инженерных и экономических специальностей]
_fВ.В. Матвеева
_gРос. гос. открытый техн. ун-т путей сообщ.
210 _aМосква
_cРГОТУПС
_d2007
215 _a135 с.
_d21
300 _aНа 4-й с. обл. авт.: Матвеева В.В., к. социол.н., доц.
320 _aБиблиогр.: с. 134-135
606 1 _aСоциология
_jУчебные издания для высших учебных заведений
_9893563
_3RU\NLR\auth\663357
686 _aС5я73
700 1 _4070
_8rus
_7ca
_aМатвеева
_bВ.В.
_cканд. социол. наук
_gВиктория Викторовна
_3RU\NLR\auth\7728286
_911317
801 0 _aRU
_bNLR
_c20080215
_gRCR
801 1 _aRU
_bNLR
_c20080215
942 _cBOOK
980 _aNB